[Event "IRI-ch U18 Girls"]
[Site "Chess.com INT"]
[Date "2021.01.16"]
[Round "2"]
[White "Nadernia, Nikta"]
[Black "Mofidi, Mehrnoosh"]
[Result "1-0"]
[WhiteElo "1775"]
[BlackElo "1464"]
[PlyCount "85"]
[EventDate "2021.01.16"]
[EventType "swiss"]
[EventRounds "9"]
[EventCountry "IRI"]
[SourceTitle "CBM 200 Extra"]
[Source "ChessBase"]
[SourceDate "2021.03.31"]
[SourceVersion "1"]
[SourceVersionDate "2021.03.31"]
[SourceQuality "1"]

1. e4 e5 2. Nf3 Nc6 3. Bb5 a6 4. Ba4 Nf6 5. 0-0 b5 6. Bb3 Be7 7. Re1 d6 8. c3 Bg4 9. d3 h6 10. Nbd2 0-0 11. Nf1 Nb8 12. h3 Bh5 13. Ng3 Bg6 14. Nh4 Bh7 15. Ngf5 Nbd7 16. Qf3 Kh8 17. Qg3 Nh5 18. Qg4 Ndf6 19. Qf3 g5 20. Nxh6 gxh4 21. Nxf7+ Rxf7 22. Bxf7 Ng7 23. a4 Qd7 24. axb5 Qxb5 25. Bg5 Rf8 26. Bxf6 Rxf7 27. Bxg7+ Rxg7 28. b4 Qb7 29. Ra5 Bg5 30. Rea1 Bd2 31. R1a3 Bc1 32. Ra2 Bd2 33. Rxd2 Qc8 34. Rda2 Qg8 35. Rxa6 Rf7 36. Qh5 Rg7 37. Ra8 Rxg2+ 38. Kf1 Rg1+ 39. Ke2 Rg5 40. Rxg8+ Rxg8 41. Ra7 Rc8 42. b5 Kg8 43. b6 1-0